• 首页
  • 本馆介绍
  • 公告通知
  • 最新文献
  • 馆藏检索
  • 电子资源
  • 读者导购
  • 参考咨询
  • 我的图书馆
  • 登录
  • 详细信息显示
  • 放入我的书架
  • 预约/预借图书
  • 作者相关作品
  • 分类相关作品
  • 丛书相关作品
  • 出版社相关作品

书目信息

  • 表格格式
  • 工作单格式
  • 卡片格式
题名:
日常生活大爆炸
    
 
作者: 鸿儒天晟 编绘
分册:  
出版信息: 北京   海豚出版社  2016
页数: 159页
开本: 24cm
丛书名:
单 册:
中图分类: Z228.1
科图分类:
主题词: 科学知识--少儿读物
电子资源:
ISBN: 978-7-5110-2886-0
000 00917nam0 2200229 450
001 3690
005 20180527175031.44
010    @a978-7-5110-2886-0@dCNY21.00
100    @a20160524d2016 cemy0chiy50 ea
101 0  @achi
102    @aCN@b110000
105    @aa z 000yy
200 1  @a日常生活大爆炸@9ri chang sheng huo da bao zha@f鸿儒天晟编绘
210    @a北京@c海豚出版社@d2016
215    @a159页@c彩图@d24cm
300    @a让孩子脑洞大开的1000个奇思妙想
330    @a“让孩子脑洞大开的1000个奇思妙想”系列图书内容涵盖生活、人体、科学、动物、植物、星空、地球7大领域,600个知识点,600个知识延伸,超过1000个奇思妙想。本册解释了“给电池充电必须先放掉剩余的电吗?”“我们打哈欠是为了给大脑降温吗?”“为什么在雨天打电话容易串音?”等科学问题。
606 0  @a科学知识@j少儿读物
690    @aZ228.1@v5
701  0 @a鸿儒天晟@9hong ru tian sheng@4编绘
801  0 @aCN@b91MARC@c20160804
905    @aMuseLib@dZ228.1@e225
    
    日常生活大爆炸/鸿儒天晟编绘.-北京:海豚出版社,2016
    159页:彩图;24cm
    让孩子脑洞大开的1000个奇思妙想
    
    ISBN 978-7-5110-2886-0:CNY21.00
    “让孩子脑洞大开的1000个奇思妙想”系列图书内容涵盖生活、人体、科学、动物、植物、星空、地球7大领域,600个知识点,600个知识延伸,超过1000个奇思妙想。本册解释了“给电池充电必须先放掉剩余的电吗?”“我们打哈欠是为了给大脑降温吗?”“为什么在雨天打电话容易串音?”等科学问题。
●
相关链接 在E读中查询图书 在五车中查询图书 在当当中查询图书 在豆瓣中查询图书


正题名:日常生活大爆炸     索取号:Z228.1/225         预约/预借

序号 登录号 条形码 馆藏地/架位号 状态 备注
1 1110228   211102288   第二样本阅览室/ [索取号:Z228.1/225] 在馆    
2 1110229   211102297   教育系资料室/ [索取号:Z228.1/225] 在馆    
3 1110230   211102304   教育系资料室/ [索取号:Z228.1/225] 在馆    
4 1110231   211102313   第三借阅区/ [索取号:Z228.1/225] 在馆    
唐山师范学院图书馆 欢迎您!
大连网信软件有限公司© 版权所有